| 000 | 00523nam a22001457a 4500 | ||
|---|---|---|---|
| 003 | OSt | ||
| 082 |
_a631.587 _bARD/DE |
||
| 100 |
_aArdra, T. B _94715 |
||
| 100 |
_aHamna Nazar _aJishna, K. P _aNavitha, M _aShahala, M _94716 |
||
| 245 | _aDevelopment of a microcontroller based automatic plant watering system | ||
| 260 |
_aTavanur _bDepartment of Irrigation and Drainage Engineerinh _c2020 |
||
| 700 | _aAsha Joseph | ||
| 856 | _uhttps://drive.google.com/file/d/1_As-aOGkQmhUjVpsadKqTuoD36PCc3qX/view?usp=sharing | ||
| 942 | _cPR | ||
| 999 |
_c16316 _d16316 |
||